| 000 | 01184cab a22002415a 4500 | ||
|---|---|---|---|
| 001 | L154327 | ||
| 008 | 111114e20111104xxk 000 0 eng d | ||
| 035 | _a(Sirsi) u154327 | ||
| 041 | 0 | _aeng | |
| 100 | 1 | _aStewart, Sarah | |
| 245 | 0 | 0 |
_aMarkets _bHerts, Beds, Bucks and Oxfordshire |
| 260 | _c2011 | ||
| 490 | 0 |
_aProperty Week _v 77(44) 4 November 2011, 47-54(4) |
|
| 520 | _aMedia baron Richard Desmond's ''media city'' plans in Luton will go ahead thanks to a £23m government grant for infrastructure works needed around the Kimpton Road site. Surveys the region's six universities' actions to improve their property performance to convince potential students that the facilities are worth the extra fee money. London Luton Airports Ltd is to hire consultants to advise on expansion proposals. New Wasps stadium suffers set back as club owner puts club up for sale. | ||
| 590 | _aKA | ||
| 651 | 4 | _aBedfordshire | |
| 651 | 4 | _aHertfordshire | |
| 651 | 4 | _aBuckinghamshire | |
| 651 | 4 | _aOxfordshire | |
| 690 | _aPROPERTY-COMMERCIAL PROPERTY-COMMERCIAL PROPERTY MARKET | ||
| 690 | _aPROPERTY-COMMERCIAL PROPERTY-COMMERCIAL PROPERTY FINANCE AND INVESTMENT | ||
| 942 | _n0 | ||
| 999 |
_c83577 _d83577 |
||